Two Word World Capital Cities With Countries - Statistics

General Stats
  • This quiz has been taken 53 times
    34 since last reset
  • The average score is 19 of 25
Answer Stats
Answer Country % Correct
Buenos Aires Argentina
96%
New Delhi India
96%
Vatican City Vatican City
96%
Cape Town South Africa
93%
Mexico City Mexico
93%
Abu Dhabi United Arab Emirates
89%
Kuwait City Kuwait
89%
San Marino San Marino
89%
Panama City Panama
82%
Kuala Lumpur Malaysia
79%
La Paz Bolivia
79%
Phnom Penh Cambodia
79%
Addis Ababa Ethiopia
75%
Guatemala City Guatemala
75%
San Salvador El Salvador
75%
Sao Tome Sao Tome and Principe
71%
San Jose Costa Rica
68%
Santo Domingo Dominican Republic
68%
Port Louis Mauritius
64%
Port Moresby Papua New Guinea
61%
Port Vila Vanuatu
61%
Saint George's Grenada
57%
St. John's Antigua and Barbuda
57%
Porto Novo Benin
54%
South Tarawa Kiribati
46%
No matching quizzes found
Score Distribution
Percent of People with Each Score
Percentile by Number Answered
Your Score History
You have not taken this quiz since the last reset